00000000nam 2200000zi 4500
0019.947164
003CaOODSP
00520250121125735
006m     o  d f      
007cr mn|||||||||
008250120e202403  onc     o    f000 0 fre d
040 |aCaOODSP|bfre|erda|cCaOODSP
043 |an-cn---
0861 |aPS64-243/2024F-PDF
24500|aCompte rendu des progrès réalisés à l'appui de la recommandation P.59 de la Commission des pertes massives.
264 1|a[Ottawa] : |bGendarmerie royale du Canada = Royal Canadian Mounted Police, |cmars 2024.
300 |a1 ressource en ligne (9 pages)
336 |atexte|btxt|2rdacontent/fre
337 |ainformatique|bc|2rdamedia/fre
338 |aressource en ligne|bcr|2rdacarrier/fre
500 |aPublié aussi en anglais sous le titre : Progress update: response to the Mass Casualty Commission recommendation P.59.
500 |a« Présenté au ministre de la Sécurité publique et au Conseil consultatif de gestion. »
61026|aGendarmerie royale du Canada|xGestion.
650 6|aPolice|xAdministration|zCanada.
650 6|aChangement organisationnel|zCanada.
650 6|aCulture organisationnelle|zCanada.
7102 |aGendarmerie royale du Canada, |eorganisme de publication.
77508|tProgress update : |w(CaOODSP)9.947165
85640|qPDF|s309 Mo|uhttps://publications.gc.ca/collections/collection_2025/grc-rcmp/PS64-243-2024-fra.pdf
8564 |qHTML|sS.O.|uhttps://rcmp.ca/fr/renseignements-organisationnels/publications-et-guides/compte-rendu-progres-realises-lappui-recommandation